Ďábelské pokušení /

Main Author: Walton, Alice
Language: Czech
Published: Brno : MOBA, c2014
Series: Šlechtické romance
Physical Description: 64 s. ; 22 cm
Book
Saved in:
LEADER 01095nam a2200337 a 4500
001 nkc20142582450
003 CZ PrNK
005 20140605161118.0
007 ta
008 140402s2014 xr g 000 j cze
015 |a cnb002582450 
020 |a 978-80-243-6076-8  |q (brož.) :  |c Kč 39,00 
035 |a (OCoLC)883371766 
040 |a OLA001  |b cze 
041 1 |a cze  |h ger 
072 7 |a 821-31/-34  |x Milostná, dobrodružná, fantastická próza  |2 Konspekt  |9 25 
080 |a 821-322.5  |2 MRF 
080 |a (0:82-322.5)  |2 MRF 
100 1 |a Walton, Alice  |7 ola2014819030  |4 aut 
245 1 0 |a Ďábelské pokušení /  |c Alice Waltonová 
260 |a Brno :  |b MOBA,  |c c2014 
300 |a 64 s. ;  |c 22 cm 
490 1 |a Šlechtické romance,  |x 1802-8616 ;  |v sv. 75 
500 |a Přeloženo z němčiny 
655 7 |a milostné povídky  |7 fd132834  |2 czenas 
655 9 |a love short stories  |2 eczenas 
830 0 |a Šlechtické romance  |0 s 
910 2 |a BOA001  |b 2-1322.476 
990 |a BK 
995 |a 01 
996 6 |b 2610582486  |c 2-1322.476  |l MZK  |r Sklad / do 1 hodiny  |n 1  |p p.v.  |w 001421689  |u 000010  |a 1  |e BOA001  |j MZK50  |s P